00575nas a22001814a 4500001000800000008004100008022001400049040001200063041000800075245005700083246003600140260001900176362001400195650002700209650002000236650002100256710011600277ESSALUD m2026 pe r gr 0 0 spa d a3119-7981 aESSALUD aspa aCiencia y Tecnología aplicada a la Salud Pública aRevista científica de EsSalud aLima : bIETSI airregular aATENCIÓN AL PACIENTE aSALUD PÚBLICA aSEGURIDAD SOCIAL aPerú. Seguro Social de Salud (EsSalud). Instituto de Evaluación de Tecnologías en Salud e Investigación